01053nam a22001217a 4500008004100000100004400041245009700085260003600182300003200218520062600250650001900876773003600895220930b ||||| |||| 00| 0 eng d aStephens Jr, Melvin and Toohey, Desmond aThe impact of health on labor market outcomes: Evidence from a large-scale health experiment aThe American Economic Review  a14(3), Jul, 2022: p.367-399 aWhile economists have posited that health investments increase earnings, isolating the causal effect of health is challenging due to reverse causality and unobserved heterogeneity. We examine the labor market effects of a randomized controlled trial, the Multiple Risk Factor Intervention Trial (MRFIT), which monitored nearly 13,000 men for over six years. We find that this intervention, which provided a bundle of treatments to reduce coronary heart disease mortality, increased earnings and family income. We find few differences in estimated gains by baseline health and occupation characteristics. – Reproduced  aLabour health  aThe American Economic Review